000 00960nam a2200217Ii 4500
003 JO-AjNU
008 230605s9999||||xx |||||||||||||| ||und||
017 _a1993/2/162
040 _aJO-AjNU
_bara
_erda
_cJO-AjNU
041 _aara
050 1 4 _aKMM97.5.A44 F3788 1993
100 3 _aتأليف الفضل ، منذر؛ م .مشارك صاحب الفتلاوي ,
_eauthor
_925011
245 0 0 _aشرح القانون المدني الأردني : العقود المسماة ، البيع واليجار في ضوء الفقة الاسلامي والقوانين المدنية الوضعية وقانون المالكين والمستأجرين الأردني لسنة 1982
250 _a(د،ط)
264 3 1 _aعمان : دار الثقافة ، 1993
300 _a383ص
336 _atext
_btxt
_2rdacontent
337 _aunmediated
_bn
_2rdamedia
338 _avolume
_bnc
_2rdacarrier
650 4 _aالقانون المدني -- الأردن
_925012
999 _aA9299
_c12867
_d12867